Hubungan Fungsi Pengawasan Dewan Perwakilan Rakyat Dengan Badan Pemeriksa Keuangan Dalam Sistem Ketatanegaraan Indonesia (Record no. 12877)
[ view plain ]
| 000 -LEADER | |
|---|---|
| fixed length control field | 00554nam a2200145Ia 4500 |
| 020 ## - INTERNATIONAL STANDARD BOOK NUMBER | |
| ISBN | 979-3451-10-6 |
| 084 ## - OTHER CLASSIFICATION OF CALL NUMBER | |
| Call Number (Nomor Katalog) | 10200 HUS Gov Bo.2b |
| 100 ## - MAIN ENTRY--AUTHOR NAME | |
| Personal name (Pengarang) | Dr. H. La Ode Husen, S.H., M.H |
| 245 #0 - TITLE STATEMENT | |
| Sub Title (Anak Judul) | Hubungan Fungsi Pengawasan Dewan Perwakilan Rakyat Dengan Badan Pemeriksa Keuangan Dalam Sistem Ketatanegaraan Indonesia |
| 260 ## - PUBLICATION, DISTRIBUTION, ETC. (IMPRINT) | |
| Place of publication (Tempat Terbit/Kota) | Bandung |
| Name of publisher (Nama Penerbit) | CV. Utama |
| Year of publication (Tahun Terbit) | 2005 |
| 300 ## - PHYSICAL DESCRIPTION | |
| Number of Pages (Jumlah Halaman) | viii + 300 halaman |
| 650 ## - SUBJECT ADDED ENTRY--TOPICAL TERM | |
| Topical Term (Topik 1) | Government (Pemerintahan) |
| Relator term (Topik 2) | G-O-V |
| Chronological subdivision (Topik 5) | Fungsi Pengawasan DPR Dengan BPK Dlm Ketatanegaran |
| 942 ## - ADDED ENTRY ELEMENTS (KOHA) | |
| Koha item type | Books (Buku) |
| Withdrawn status | Lost status | Damaged status | Not for loan | Permanent Location (Lokasi Permanen) | Current Location (Lokasi Sekarang) | Shelving location (Lokasi Rak) | Date acquired | Cost, normal purchase price (Harga Buku) | Full call number (Nomor Katalog) | Barcode | Price effective from | Koha item type (Jenis Koleksi) |
|---|---|---|---|---|---|---|---|---|---|---|---|---|
| PIN Library | PIN Library | Bookshelf | 03/26/2022 | 10.00 | 10200 HUS Gov Bo.2b | 1020002 | 03/26/2022 | Books (Buku) |